| 000 | 00412nam a22001457a 4500 | ||
|---|---|---|---|
| 020 | _a9788120325234 | ||
| 040 | _cNust | ||
| 082 |
_a515.35 _bZAF |
||
| 100 |
_aZafar Ahsan _9123453 |
||
| 245 | _aDifferential Equations and Their Applications | ||
| 250 | _a2nd Edition | ||
| 260 |
_aNew Delhi: _bPrentice Hall India, _c2006. |
||
| 650 |
_aDifferential Equations and Their Applications _9123454 |
||
| 942 |
_2ddc _cBK |
||
| 999 |
_c609640 _d609640 |
||